000 00306nam a22001097a 4500
008 230731b xxu||||| |||| 00| 0 eng d
082 _a354.6
_bPSC 1977
245 _aReport on the Working of the Public Service Commission of Kenya for the Year 1977
260 _bGOK
_c1977
300 _a11p
942 _2ddc
_cBK
999 _c4020
_d4020